Fundamentals of attosecond optics / (Record no. 19344)
[ view plain ]
| 000 -LEADER | |
|---|---|
| fixed length control field | 00844cam a2200253 a 4500 |
| 001 - CONTROL NUMBER | |
| control field | 16807503 |
| 005 - DATE AND TIME OF LATEST TRANSACTION | |
| control field | 20150514120214.0 |
| 008 - FIXED-LENGTH DATA ELEMENTS--GENERAL INFORMATION | |
| fixed length control field | 110603t2011 flude frb 001 0 eng d |
| 020 ## - INTERNATIONAL STANDARD BOOK NUMBER | |
| International Standard Book Number | 9781420089370 |
| 040 ## - CATALOGING SOURCE | |
| Original cataloging agency | DLC |
| Language of cataloging | eng |
| Transcribing agency | DLC |
| Modifying agency | DLC |
| -- | EG-ScBUE |
| 082 04 - DEWEY DECIMAL CLASSIFICATION NUMBER | |
| Classification number | 621.36 |
| Item number | CHA |
| Edition number | 22 |
| 100 1# - MAIN ENTRY--PERSONAL NAME | |
| Personal name | Chang, Zenghu. |
| 9 (RLIN) | 38017 |
| 245 10 - TITLE STATEMENT | |
| Title | Fundamentals of attosecond optics / |
| Statement of responsibility, etc | Zenghu Chang. |
| 260 ## - PUBLICATION, DISTRIBUTION, ETC. (IMPRINT) | |
| Place of publication, distribution, etc | Boca Raton : |
| Name of publisher, distributor, etc | CRC Press / Taylor & Francis Group, |
| Date of publication, distribution, etc | c.2011. |
| 300 ## - PHYSICAL DESCRIPTION | |
| Extent | xxvii, 519 p. : |
| Other physical details | chart, plans ; |
| Dimensions | 25 cm. |
| 500 ## - GENERAL NOTE | |
| General note | Index : p. 507-519. |
| 500 ## - GENERAL NOTE | |
| General note | Includes appendices. |
| 504 ## - BIBLIOGRAPHY, ETC. NOTE | |
| Bibliography, etc | Includes bibliographical references. |
| 650 #7 - SUBJECT ADDED ENTRY--TOPICAL TERM | |
| Topical term or geographic name as entry element | Quantum optics |
| Form subdivision | Textbooks. |
| Source of heading or term | BUEsh |
| 9 (RLIN) | 38018 |
| 650 #7 - SUBJECT ADDED ENTRY--TOPICAL TERM | |
| Topical term or geographic name as entry element | Picosecond pulses |
| Form subdivision | Textbooks. |
| Source of heading or term | BUEsh |
| 9 (RLIN) | 38019 |
| 653 ## - INDEX TERM--UNCONTROLLED | |
| Resource For college | Engineering, General |
| Arrived date list | May2015 |
| 655 ## - INDEX TERM--GENRE/FORM | |
| Form subdivision | |
| -- | 34232 |
| 942 ## - ADDED ENTRY ELEMENTS (KOHA) | |
| Source of classification or shelving scheme | Dewey Decimal Classification |
| Call number prefix | 621.36 CHA |
| Withdrawn status | Item status | Source of classification or shelving scheme | Damaged status | Not for loan | Vendor | Home library | Current library | Shelving location | Date acquired | Source of acquisition | Cost, normal purchase price | Serial Enumeration / chronology | Total Checkouts | Full call number | Barcode | Date last seen | Cost, replacement price | Koha item type |
|---|---|---|---|---|---|---|---|---|---|---|---|---|---|---|---|---|---|---|
| Dewey Decimal Classification | Alahram | Central Library | Central Library | First floor | 13/05/2015 | 632.00 | 329 | 621.36 CHA | 000038196 | 15/07/2025 | 790.00 | Book - Borrowing |